Pokémon That Have Won the VGC World Championships - Statistics

General Stats
  • This quiz has been taken 237 times
    189 since last reset
  • The average score is 25 of 62
Answer Stats
Wins Pokémon Type % Correct
2 Kyogre Water
74%
1 Rayquaza Dragon/Flying
73%
2 Groudon Ground(/Fire)
68%
3 Incineroar Fire/Dark
68%
1 Pachirisu Electric
64%
1 Gengar Ghost/Poison
63%
2 Garchomp Dragon/Ground
60%
1 Raichu Electric
60%
2 Lunala Psychic/Ghost
57%
3 Metagross Steel/Psychic
57%
3 Salamence Dragon/Flying
56%
1 Tyranitar Rock/Dark
53%
1 Zacian Steel/Fairy
52%
1 Dialga Dragon/Steel
50%
2 Flutter Mane Fairy/Ghost
50%
1 Koraidon Fighting/Dragon
50%
1 Miraidon Electric/Dragon
50%
2 Landorus (Therian) Ground/Flying
48%
3 Snorlax Normal
48%
3 Amoonguss Grass/Poison
46%
3 Cresselia Psychic
46%
1 Kangaskhan Normal
45%
3 Thundurus (Incarnate) Electric/Flying
45%
2 Iron Hands Fighting/Electric
44%
2 Heatran Fire/Steel
43%
1 Tornadus (Incarnate) Flying
43%
1 Rillaboom Grass
42%
2 Tapu Koko Electric/Fairy
42%
2 Urshifu (Rapid) Fighting/Water
42%
2 Tapu Fini Water/Fairy
41%
1 Calyrex (Shadow) Psychic/Ghost
40%
1 Chien-Pao Ice/Dark
40%
1 Gardevoir Psychic/Fairy
40%
1 Gyarados Water(/Dark)
40%
2 Hydreigon Dragon/Dark
39%
2 Whimsicott Grass/Fairy
36%
1 Hitmontop Fighting
34%
2 Bronzong Psychic/Steel
33%
1 Smeargle Normal
33%
1 Talonflame Fire/Flying
33%
1 Chi-Yu Fire/Dark
31%
1 Kartana Grass/Steel
31%
1 Ogerpon (Hearthflame) Grass/Fire
31%
1 Celesteela Steel/Flying
30%
1 Farigiraf Psychic/Normal
30%
2 Gothitelle Psychic
30%
1 Latios Psychic/Dragon
30%
1 Brute Bonnet Grass/Dark
29%
1 Empoleon Water/Steel
29%
2 Gastrodon Water/Ground
29%
1 Ursaluna Ground/Normal
28%
2 Conkeldurr Fighting
26%
1 Stakataka Rock/Steel
26%
1 Terrakion Rock/Fighting
25%
1 Escavalier Bug/Steel
24%
1 Rotom (Wash) Electric/Water
22%
1 Krookodile Ground/Dark
21%
1 Mamoswine Ice/Ground
21%
1 Hariyama Fighting
19%
2 Ludicolo Grass/Water
19%
1 Marowak (Alolan) Fire/Ghost
17%
1 Toxicroak Poison/Fighting
15%
No matching quizzes found
Score Distribution
Percent of People with Each Score
Percentile by Number Answered
Your Score History
You have not taken this quiz since the last reset